<?xml version="1.0" encoding="UTF-8"?>
<collection xmlns="http://www.loc.gov/MARC21/slim">
<record>
  <controlfield tag="001">111257</controlfield>
  <controlfield tag="005">20220309093112.0</controlfield>
  <datafield tag="037" ind1=" " ind2=" ">
    <subfield code="a">TAZ-TFG-2021-729</subfield>
  </datafield>
  <datafield tag="041" ind1=" " ind2=" ">
    <subfield code="a">spa</subfield>
  </datafield>
  <datafield tag="100" ind1="1" ind2=" ">
    <subfield code="a">Moya López, Sara</subfield>
  </datafield>
  <datafield tag="242" ind1="0" ind2="0">
    <subfield code="a">Dupuytren's disease. Literature Review.</subfield>
  </datafield>
  <datafield tag="245" ind1="0" ind2="0">
    <subfield code="a">Enfermedad de Dupuytren. Revisión Bibliográfica.</subfield>
  </datafield>
  <datafield tag="260" ind1=" " ind2=" ">
    <subfield code="a">Zaragoza</subfield>
    <subfield code="b">Universidad de Zaragoza</subfield>
    <subfield code="c">2021</subfield>
  </datafield>
  <datafield tag="506" ind1=" " ind2=" ">
    <subfield code="a">by-nc-sa</subfield>
    <subfield code="b">Creative Commons</subfield>
    <subfield code="c">3.0</subfield>
    <subfield code="u">http://creativecommons.org/licenses/by-nc-sa/3.0/</subfield>
  </datafield>
  <datafield tag="520" ind1=" " ind2=" ">
    <subfield code="a">La Enfermedad de Dupuytren (ED) se trata de un desorden fibroproliferativo benigno de la mano que implica el depósito de colágeno en las bandas fasciales de la aponeurosis palmar y digital. Se ha visto que la ED es más prevalente en hombres y pacientes de edad avanzada. La Diabetes mellitus, el alcohol, la exposición profesional, la enfermedad hepática, la epilepsia, el tratamiento con Fenobarbital, la psoriasis, el tratamiento con Metrotexato y Ciclosporina, algunas neoplasias malignas, la hipertensión arterial y la dislipemia parecen tratarse de factores de riesgo para desarrollar ED. En cuanto a la etiología parecen estar implicados factores genéticos e inmunológicos que conllevan a la conversión de los fibroblastos palmares en miofibroblastos y a un aumento de la cantidad de colágeno tipo III. La clínica de la enfermedad va a depender de las bandas fasciales que se vean afectadas; siendo los dedos anular y meñique los más afectados y, más concretamente, las articulaciones metacarpofalángicas e interfalángicas proximales; provocando así una deformidad progresiva en flexión. Así pues, el diagnóstico de la ED va a ser principalmente clínico. Actualmente no existe una cura definitiva para la ED. Como tratamientos no quirúrgicos podemos emplear la Collagenasa Clostridium Histolyticum, además, se están llevando a cabo estudios sobre el tratamiento de la ED con antiTNF. Con respecto al tratamiento quirúrgico, se pueden emplear diversas técnicas más o menos agresivas. El tipo de tratamiento empleado va a depender de la gravedad de la contractura, la articulación afectada y del estado general del paciente.&lt;br />&lt;br /></subfield>
  </datafield>
  <datafield tag="521" ind1=" " ind2=" ">
    <subfield code="a">Graduado en Medicina</subfield>
  </datafield>
  <datafield tag="540" ind1=" " ind2=" ">
    <subfield code="a">Derechos regulados por licencia Creative Commons</subfield>
  </datafield>
  <datafield tag="700" ind1=" " ind2=" ">
    <subfield code="a">Vecino Ferrer, Juan Antonio</subfield>
    <subfield code="e">dir.</subfield>
  </datafield>
  <datafield tag="710" ind1="2" ind2=" ">
    <subfield code="a">Universidad de Zaragoza</subfield>
    <subfield code="b">Anatomía e Histología Humanas</subfield>
    <subfield code="c">Anatomía y Embriología Humana</subfield>
  </datafield>
  <datafield tag="856" ind1="0" ind2=" ">
    <subfield code="f">720794@unizar.es</subfield>
  </datafield>
  <datafield tag="856" ind1="4" ind2=" ">
    <subfield code="s">830877</subfield>
    <subfield code="u">http://zaguan.unizar.es/record/111257/files/TAZ-TFG-2021-729.pdf</subfield>
    <subfield code="y">Memoria (spa)</subfield>
  </datafield>
  <datafield tag="909" ind1="C" ind2="O">
    <subfield code="o">oai:zaguan.unizar.es:111257</subfield>
    <subfield code="p">driver</subfield>
    <subfield code="p">trabajos-fin-grado</subfield>
  </datafield>
  <datafield tag="950" ind1=" " ind2=" ">
    <subfield code="a"></subfield>
  </datafield>
  <datafield tag="980" ind1=" " ind2=" ">
    <subfield code="a">TAZ</subfield>
    <subfield code="b">TFG</subfield>
    <subfield code="c">MED</subfield>
  </datafield>
  <datafield tag="999" ind1=" " ind2=" ">
    <subfield code="a">20210525205508.CREATION_DATE</subfield>
  </datafield>
  <datafield tag="951" ind1=" " ind2=" ">
    <subfield code="a">deposita:2022-03-09</subfield>
  </datafield>
</record>
</collection>